Marketing Management Analysis, Planning, Implementation, and Control

Na minha lista:
Detalhes bibliográficos
Autor principal: Kotler, Philip
Formato: Livro
Idioma:inglês
Publicado em: Englewood Cliffs Prentice-Hall 1988
Edição:6. ed.
Tags: Adicionar Tag
Sem tags, seja o primeiro a adicionar uma tag!

MARC

LEADER 00000nam a2200000 4500
001 c041315
005 20221206134345.2
041 0 |a eng 
044 |a US 
245 1 0 |a Marketing Management  |b Analysis, Planning, Implementation, and Control  |c Philip Kotler 
250 |a 6. ed. 
264 1 |a Englewood Cliffs  |b Prentice-Hall  |c 1988 
300 |a 776 s. 
100 1 |a Kotler, Philip